[Event "2000 World Chess Champion"]

[Site "New Delhi, Tehr"]

[Date "2000.12.15"]

[Round "42"]

[White "Grischuk, Alexander"]

[Black "Shirov, Alexei"]

[Result "1/2-1/2"]

[WhiteElo "2606"]

[WhiteCountry "RUS"]

[BlackElo "2746"]

[BlackCountry "ESP"]

[Remark "6911"]

[PresId "0001060402"]



1. e4 e5 2. Nf3 Nf6 3. Nxe5 d6 4. Nf3 Nxe4 5. d4 d5 6. Bd3 Bd6 7. O-O

O-O 8. c4 c6 9. cxd5 cxd5 10. Nc3 Nxc3 11. bxc3 Bg4 12. Rb1 Nd7 13. h3

Bh5 14. Rb5 Nb6 15. c4 Bxf3 16. Qxf3 dxc4 17. Bc2 Qd7 18. a4 g6 19.

Be3 Rac8 20. Rfb1 c3 21. a5 Nc4 22. Rxb7 Qe6 23. Bb3 Qf5 24. Qxf5 gxf5

25. Ra1 f4 26. Bc1 Rfe8 27. f3 c2 28. Kf2 a6 29. Ra4 Nb2 30. Bxf7+ Kf8

31. Bxb2 c1Q 32. Bxc1 Rc2+ 33. Kf1 Rxc1+ 34. Kf2 Rc2+ 35. Kf1 Rc1+

1/2-1/2